Programa L y C: leer y comprender.
Guardat en:
| Autor principal: | |
|---|---|
| Altres autors: | , , , |
| Format: | Llibre |
| Idioma: | espanyol |
| Publicat: |
Santiago, Chile
Andrés Bello
1998
|
| Edició: | Tercera edición |
| Col·lecció: | Libro 1
|
| Matèries: | |
| Etiquetes: |
Afegir etiqueta
Sense etiquetes, Sigues el primer a etiquetar aquest registre!
|
MARC
| LEADER | 00000nam a2200000 a 4500 | ||
|---|---|---|---|
| 001 | UCM2307 | ||
| 003 | CL-VaPUC | ||
| 005 | 20241108160722.0 | ||
| 008 | 020503e19980500CL |||||||||||||||||spa|d | ||
| 999 | |c 300216 |d 300214 | ||
| 020 | |a 9561313448 | ||
| 040 | |c Pontificia Universidad Católica de Valparaíso | ||
| 082 | 0 | 4 | |a 372.41 PER 1998 |2 21 |
| 100 | |a Peronard Thierry, Marianne |e autora |9 781268 | ||
| 245 | 1 | 0 | |a Programa L y C: leer y comprender. |
| 250 | |a Tercera edición | ||
| 260 | 0 | 3 | |a Santiago, Chile |b Andrés Bello |c 1998 |
| 300 | |a 176 páginas | ||
| 490 | 0 | |a Libro 1 | |
| 500 | |a Se recomienda su aplicación a alumnos de 10 a 14 años | ||
| 583 | |a last modification |c 20130912 02:40:34 |k Rodrigo Vera | ||
| 650 | 0 | |a Enseñanza de la lectura |9 308364 | |
| 650 | 0 | |a Enseñanza de la escritura |9 307377 | |
| 650 | 0 | |a Comprensión de lectura |9 307588 | |
| 650 | 0 | |a Métodos de enseñanza |9 270413 | |
| 650 | 0 | |a Académicos |x Pontificia Universidad Católica de Valparaíso (PUCV) |9 255553 | |
| 650 | 0 | |a Archivo histórico PUCV |9 255554 | |
| 700 | |a Gómez Macker, Luis Adolfo |e autor |9 492261 | ||
| 700 | |a Parodi Sweis, Giovanni Emmanuel |e autor |9 783477 | ||
| 700 | 0 | |a Núñez Lagos, Paulina |e autor |9 469051 | |
| 700 | |a González Muñoz, Juan Manuel |e autor |9 749563 | ||
| 942 | |c BK |2 ddc | ||
| 945 | |d 20020503 00:00:00 |a vberengu | ||
| 952 | |0 0 |1 0 |2 ddc |4 0 |6 372_410000000000000_PER_1998 |7 0 |8 A |9 357692 |a FDOPOS |b FDOPOS |d 2019-11-21 |i 3731979 |o 372.41 PER 1998 |p 3731979 |r 2025-01-22 |t 3 |w 2019-11-21 |y BK |k MLA | ||
| 952 | |0 0 |1 0 |2 ddc |4 0 |6 372_410000000000000_PER_1998 |7 0 |8 A |9 357693 |a FDOPOS |b FDOPOS |d 2019-11-21 |i 3731987 |o 372.41 PER 1998 |p 3731987 |r 2025-01-22 |t 4 |w 2019-11-21 |y BK |k MLA | ||
| 952 | |0 0 |1 0 |2 ddc |4 0 |6 372_410000000000000_PER_1998 |7 0 |8 A |9 357694 |a FDOPOS |b FDOPOS |d 2019-11-21 |i 3790207 |o 372.41 PER 1998 |p 3790207 |r 2025-01-22 |t 5 |w 2019-11-21 |y BK |k MLA | ||
| 952 | |0 0 |1 0 |2 ddc |4 0 |6 372_410000000000000_PER_1998 |7 0 |8 A |9 357695 |a FDOPOS |b FDOPOS |d 2019-11-21 |i 4143094 |o 372.41 PER 1998 |p 4143094 |r 2025-01-22 |t 7 |w 2019-11-21 |y BK |k MLA | ||
| 952 | |0 0 |1 0 |2 ddc |4 0 |6 372_410000000000000_PER_1998 |7 0 |8 X |9 357698 |a FDOBUD |b FDOBUD |d 2019-11-21 |i 1084437 |o 372.41 PER 1998 |p 1084437 |r 2019-11-21 |t 1 |w 2019-11-21 |y BK_X |k FHP | ||